000
00204 a2200097 4500
001
57184
100
_a
245
_a
The GMAT
260
_a
New York
_b
Villard Books
_c
1992
090
_c
35111
_d
35111
942
_a
NUST-CAE
_c
MONOGRAPH
_c
27905
999
_c
292257
_d
292257